000
00322 a2200145 4500
001
153801
040
_c
Escola São Tomás de Aquino
100
_a
SANT'ANNA, Eliana
240
1
0
_a
Pingo-d`água
_l
por
245
1
0
_a
Pingo-d`água
362
0
_a
2010
440
1
_a
Miguilim
697
_a
*LITERATURA INFANTIL
942
_c
BK
999
_c
153801
_d
153801